000 00384 a2200109 4500
001 ART_51685
005 20260410162008.0
008 260409a
245 1 0 _aReflexiones actuales acerca de la responsabilidad profesional de los administradores societarios
100 1 _aBoretto, Mauricio
773 0 _tTemas de derecho civil
_g- Año 7, N° 2 (feb. 2021)
_wREV34778
999 _c31919
_d31919